Memòria 1980 / Caixa de Pensions per a la Vellesa i d'Estalvis de Catalunya i Balears
Descripción Física:
Carpeta amb tres opuscles ; 28 cm
Materias:
Caixa, La -- Memòries
MARC
| LEADER | 00000nam a2200000Ia 4500 | ||
|---|---|---|---|
| 001 | 968 | ||
| 008 | 160829s1981 xx 000 0 cat d | ||
| 080 | |a M-1-128 | ||
| 110 | 2 | |a Caixa de Pensions per a la Vellesa i d'Estalvis de Catalunya i Balears |9 54857 | |
| 245 | |a Memòria 1980 / Caixa de Pensions per a la Vellesa i d'Estalvis de Catalunya i Balears | ||
| 260 | |a [Barcelona : |b l'Entitat], |c 1981 | ||
| 300 | |a Carpeta amb tres opuscles ; |c 28 cm | ||
| 650 | |a Caixa, La |x Memòries |9 38139 | ||
| 901 | |a Arxiu | ||
| 942 | |n 1 | ||
| 952 | |0 0 |1 0 |4 0 |6 M1128 |7 1 |9 48288 |a Arxiu |b Arxiu |d 2016-12-01 |l 0 |o M-1-128 |p 968 |r 2016-12-01 00:00:00 |w 2016-12-01 |y ARXIU | ||
| 999 | |c 52094 |d 52094 | ||